Guia de l'Arxiu de la Diputació de Tarragona / Eugeni Perea Simón, Manuel Güell
Descripción Física:
78 p. : il., taules ; 24 cm
Otros Autores:
Güell, Manel
Materias:
Tarragona. Diputació. Arxiu -- Guies
MARC
| LEADER | 00000nam a2200000Ia 4500 | ||
|---|---|---|---|
| 001 | 16697 | ||
| 008 | 160829s2004 xx 000 0 cat d | ||
| 080 | |a A-2-222 | ||
| 100 | |a Perea Simón, Eugeni |9 27938 | ||
| 245 | |a Guia de l'Arxiu de la Diputació de Tarragona / Eugeni Perea Simón, Manuel Güell | ||
| 260 | |a [Tarragona] : |b Diputació de Tarragona, |c 2004 | ||
| 300 | |a 78 p. : |b il., taules ; |c 24 cm | ||
| 590 | |a Annexos | ||
| 650 | |a Tarragona. Diputació. Arxiu |x Guies |9 27939 | ||
| 700 | |a Güell, Manel |9 39218 | ||
| 710 | |a Tarragona (Catalunya : Província). |b Diputació |9 52402 | ||
| 901 | |a Arxiu | ||
| 942 | |n 1 | ||
| 952 | |0 0 |1 0 |4 0 |6 A2222 |7 1 |9 44608 |a Arxiu |b Arxiu |d 2016-12-01 |l 0 |o A-2-222 |p 16697 |r 2016-12-01 00:00:00 |w 2016-12-01 |y ARXIU | ||
| 999 | |c 47189 |d 47189 | ||